[Event "CAN-ch w"]
[Site "Toronto CAN"]
[Date "2004.04.10"]
[Round "4.5"]
[White "Benggawan, Amanda"]
[Black "Kagramanov, Dina"]
[Result "1/2-1/2"]
[WhiteElo "2029"]
[BlackElo "2005"]
[PlyCount "44"]
[GameId "2160767911166782"]
[EventDate "2004.04.09"]
[EventType "swiss"]
[EventRounds "6"]
[EventCountry "CAN"]

1. e4 c5 2. Nf3 e6 3. d4 cxd4 4. Nxd4 a6 5. Bd3 Nc6 6. Nxe6 dxe6 7. O-O e5 8. Nc3 Nf6 9. Kh1 Bc5 10. Qf3 O-O 11. Qg3 Re8 12. Be2 b5 13. a3 Kh8 14. Bg5 h6 15. Rad1 Qe7 16. Qh4 Kg8 17. Bc1 Bd4 18. Rd3 Nd7 19. Qh5 Nf6 20. Qh4 Nd7 21. Qh5 Nf6 22. Qh4 Nd7 1/2-1/2

[Event "CAN-ch w"]
[Site "Toronto CAN"]
[Date "2004.04.10"]
[Round "4.6"]
[White "Benggawan, Alexandra"]
[Black "Xia, Angel"]
[Result "1/2-1/2"]
[WhiteElo "1840"]
[BlackElo "1910"]
[PlyCount "54"]
[GameId "2160767911166783"]
[EventDate "2004.04.09"]
[EventType "swiss"]
[EventRounds "6"]
[EventCountry "CAN"]

1. e4 c5 2. Nf3 d6 3. d4 cxd4 4. Nxd4 Nf6 5. Nc3 Nc6 6. Nb3 e6 7. Be2 Be7 8. Be3 a6 9. O-O b5 10. h3 Bb7 11. f4 Na5 12. Nxa5 Qxa5 13. Bf3 O-O 14. Qe1 Qc7 15. Qg3 Rfd8 16. Rad1 Nd7 17. f5 Ne5 18. fxe6 fxe6 19. Bh5 Rf8 20. Bh6 Rxf1+ 21. Rxf1 Bf8 22. Rf7 g6 23. Bxf8 Rxf8 24. Rxf8+ Kxf8 25. Bg4 Nxg4 26. Qxg4 Qc4 27. Qf4+ Ke7 1/2-1/2

[Event "CAN-ch w"]
[Site "Toronto CAN"]
[Date "2004.04.10"]
[Round "4.7"]
[White "Starr (Shterenberg), Nava"]
[Black "Laimer, Alice"]
[Result "1-0"]
[WhiteElo "2275"]
[BlackElo "1547"]
[PlyCount "37"]
[GameId "2160767911166784"]
[EventDate "2004.04.09"]
[EventType "swiss"]
[EventRounds "6"]
[EventCountry "CAN"]

1. e4 g6 2. Nc3 Bg7 3. f4 d6 4. Nf3 e6 5. Bc4 Ne7 6. O-O O-O 7. d3 c6 8. Qe1 d5 9. Bb3 Na6 10. f5 exf5 11. Qh4 f6 12. exd5 cxd5 13. Re1 Nc5 14. Rxe7 Ne6 15. Nxd5 Rf7 16. Rxf7 Kxf7 17. Qxh7 Qg8 18. Qxg8+ Kxg8 19. Nc7 1-0

[Event "CAN-ch w"]
[Site "Toronto CAN"]
[Date "2004.04.11"]
[Round "5"]
[White "Belc, Daniela"]
[Black "Mongeau, Diane"]
[Result "1-0"]
[WhiteElo "2065"]
[BlackElo "2087"]
[PlyCount "95"]
[GameId "2160767911166785"]
[EventDate "2004.04.09"]
[EventType "swiss"]
[EventRounds "6"]
[EventCountry "CAN"]
[SourceTitle "CBM 099 Extra"]
[Source "ChessBase"]
[SourceDate "2004.05.04"]
[SourceVersion "1"]
[SourceVersionDate "2004.05.04"]
[SourceQuality "1"]

1. d4 d5 2. c4 e6 3. Nc3 c6 4. e4 dxe4 5. Nxe4 Bb4+ 6. Bd2 Qxd4 7. Bxb4 Qxe4+ 8. Be2 c5 9. Bxc5 Qxg2 10. Qd6 Nd7 11. Bf3 Qg5 12. Be3 Qa5+ 13. Kf1 Qe5 14. Qa3 Ne7 15. Re1 Qc7 16. Ne2 Ng6 17. Rc1 Nde5 18. Be4 Bd7 19. Bc5 Bc6 20. Bd6 Qd8 21. Bxc6+ Nxc6 22. c5 Qa5 23. Qxa5 Nxa5 24. Nd4 a6 25. b4 Nc6 26. Nxc6 bxc6 27. Rg1 Rg8 28. Rd1 O-O-O 29. Ke2 Rd7 30. Rg3 Rgd8 31. Rdd3 f6 32. Ra3 Kb7 33. Rad3 e5 34. Ke3 Nf4 35. Rb3 Ne6 36. Ke4 Nd4 37. Rb2 Re8 38. a4 f5+ 39. Kd3 f4 40. Rg5 Nf3 41. Rh5 e4+ 42. Kc4 g5 43. b5 e3 44. bxc6+ Ka7 45. cxd7 Rd8 46. c6 Nd2+ 47. Kd3 exf2 48. Bc5+ 1-0

[Event "CAN-ch w"]
[Site "Toronto CAN"]
[Date "2004.04.11"]
[Round "5"]
[White "Kagramanov, Dina"]
[Black "Charbonneau, Anne-Marie"]
[Result "1/2-1/2"]
[WhiteElo "2044"]
[BlackElo "2048"]
[PlyCount "118"]
[GameId "2160767911166786"]
[EventDate "2004.04.09"]
[EventType "swiss"]
[EventRounds "6"]
[EventCountry "CAN"]
[SourceTitle "CBM 099 Extra"]
[Source "ChessBase"]
[SourceDate "2004.05.04"]
[SourceVersion "1"]
[SourceVersionDate "2004.05.04"]
[SourceQuality "1"]

1. e4 c5 2. Nf3 e6 3. c3 Nf6 4. e5 Nd5 5. d4 cxd4 6. cxd4 d6 7. Nc3 Nxc3 8. bxc3 Nc6 9. Bf4 dxe5 10. Nxe5 Bd6 11. Bb5 Qc7 12. Qf3 O-O 13. Nxc6 Bxf4 14. Nb4 Rd8 15. Rd1 Bd7 16. Bxd7 Rxd7 17. O-O Bxh2+ 18. Kh1 Bd6 19. Rb1 Rc8 20. Rfc1 a5 21. Nd3 Ba3 22. Rc2 b6 23. Rb3 Bf8 24. Ne5 Rd6 25. Qe4 f6 26. Nf3 Rc6 27. g3 Bb4 28. c4 Qd7 29. a3 Be7 30. Rbc3 Qd6 31. Kg2 f5 32. Qe2 Bf6 33. Qe3 Kf7 34. Ne5+ Bxe5 35. dxe5 Qc5 36. Qd3 Qxe5 37. Qd7+ Kf6 38. Qd2 Rc5 39. Qd3 b5 40. Re2 Qc7 41. Qd4+ Kf7 42. Qh4 Rxc4 43. Qh5+ Kf6 44. Rce3 Qb7+ 45. Kh2 Re4 46. Rxe4 fxe4 47. Qh4+ Kf7 48. Rxe4 Rc5 49. Qxh7 Rf5 50. Rf4 Rxf4 51. gxf4 Qf3 52. Qh4 Qxa3 53. Qh5+ Ke7 54. Qxb5 Qb4 55. Qg5+ Kd6 56. Qe5+ Ke7 57. Qxg7+ Ke8 58. Qg8+ Ke7 59. Qg7+ Ke8 1/2-1/2

[Event "CAN-ch w"]
[Site "Toronto CAN"]
[Date "2004.04.11"]
[Round "5"]
[White "Khaziyeva, Dinara"]
[Black "Smith, Hazel"]
[Result "1-0"]
[WhiteElo "2110"]
[BlackElo "2051"]
[PlyCount "89"]
[GameId "2160767911166787"]
[EventDate "2004.04.09"]
[EventType "swiss"]
[EventRounds "6"]
[EventCountry "CAN"]
[SourceTitle "CBM 099 Extra"]
[Source "ChessBase"]
[SourceDate "2004.05.04"]
[SourceVersion "1"]
[SourceVersionDate "2004.05.04"]
[SourceQuality "1"]

1. Nf3 d5 2. c4 e6 3. d4 Nc6 4. Nc3 Nf6 5. Bg5 Be7 6. e3 O-O 7. a3 a6 8. Qc2 Ne8 9. Bf4 Nf6 10. h3 Re8 11. Bd3 Rb8 12. b4 dxc4 13. Bxc4 Nd5 14. Nxd5 exd5 15. Bd3 g6 16. O-O Ra8 17. Rfc1 Bd6 18. Bxd6 Qxd6 19. Qc5 Qd8 20. Be2 Re7 21. a4 Nb8 22. b5 c6 23. Ne5 Bd7 24. Bf3 Be8 25. bxc6 Bxc6 26. Nxc6 bxc6 27. Rab1 Rd7 28. Rb6 Re7 29. Rb3 a5 30. Be2 Qd7 31. Rcb1 Re8 32. Rb7 Qd8 33. Qb6 Qd6 34. Ra7 Nd7 35. Qxa5 Rab8 36. Rbb7 Rxb7 37. Rxb7 Rb8 38. Qc7 Rxb7 39. Qxd6 Nb8 40. a5 Rb1+ 41. Kh2 Rb7 42. a6 Nxa6 43. Bxa6 Rb1 44. Qxc6 Rb2 45. Kg3 1-0

[Event "CAN-ch w"]
[Site "Toronto CAN"]
[Date "2004.04.11"]
[Round "5"]
[White "Khoudgarian, Natalia"]
[Black "Barron, Irina"]
[Result "1-0"]
[WhiteElo "2100"]
[BlackElo "2138"]
[PlyCount "71"]
[GameId "2160767911166788"]
[EventDate "2004.04.09"]
[EventType "swiss"]
[EventRounds "6"]
[EventCountry "CAN"]
[SourceTitle "CBM 099 Extra"]
[Source "ChessBase"]
[SourceDate "2004.05.04"]
[SourceVersion "1"]
[SourceVersionDate "2004.05.04"]
[SourceQuality "1"]

1. e4 c5 2. Nf3 Nc6 3. c3 d5 4. exd5 Qxd5 5. d4 Nf6 6. Be2 Bg4 7. O-O cxd4 8. cxd4 e6 9. Nc3 Qd7 10. h3 Bxf3 11. Bxf3 Nxd4 12. Bxb7 Qxb7 13. Qxd4 Be7 14. Qa4+ Qd7 15. Qxd7+ Nxd7 16. Rd1 Nb6 17. Nb5 O-O 18. Be3 Nc4 19. Bxa7 Nxb2 20. Rd7 Bf6 21. a4 Rfd8 22. Rxd8+ Bxd8 23. a5 Nc4 24. a6 Nd6 25. Nxd6 Rxa7 26. Nc8 Ra8 27. a7 g6 28. Rb1 Bc7 29. Rb7 Rxc8 30. Rxc7 Ra8 31. Kf1 Kg7 32. Ke2 g5 33. Kd3 h5 34. Kc4 g4 35. hxg4 hxg4 36. Kb5 1-0

[Event "CAN-ch w"]
[Site "Toronto CAN"]
[Date "2004.04.11"]
[Round "6"]
[White "Barron, Irina"]
[Black "Benggawan, Amanda"]
[Result "0-1"]
[WhiteElo "2138"]
[BlackElo "2031"]
[PlyCount "108"]
[GameId "2160767911166792"]
[EventDate "2004.04.09"]
[EventType "swiss"]
[EventRounds "6"]
[EventCountry "CAN"]
[SourceTitle "CBM 099 Extra"]
[Source "ChessBase"]
[SourceDate "2004.05.04"]
[SourceVersion "1"]
[SourceVersionDate "2004.05.04"]
[SourceQuality "1"]

1. d4 Nf6 2. c4 e6 3. Nc3 Bb4 4. Qc2 O-O 5. Nf3 c5 6. dxc5 Bxc5 7. a3 Be7 8. e4 d6 9. Bd3 h6 10. O-O a6 11. h3 Nc6 12. Be3 Qc7 13. Rac1 Ne5 14. Nxe5 dxe5 15. Be2 Bd7 16. c5 Rfc8 17. b4 a5 18. Rfd1 Be8 19. Qb3 Qb8 20. Qb1 Rc7 21. Nb5 Rd7 22. Rxd7 Bxd7 23. Nc3 axb4 24. axb4 Bd8 25. b5 Ra3 26. Na2 Qa8 27. Nb4 Qa4 28. c6 Bc8 29. Nc2 Rc3 30. Qa1 Qxa1 31. Nxa1 Rxc1+ 32. Bxc1 bxc6 33. bxc6 Nxe4 34. Ba3 Bc7 35. Bd3 Nc3 36. Nc2 f5 37. Ne3 Kf7 38. Nc4 Nd5 39. Nd6+ Bxd6 40. Bxd6 e4 41. Bc4 Nb6 42. Bb5 Kf6 43. f4 exf3 44. gxf3 e5 45. h4 h5 46. Kf2 Ke6 47. Bc5 Na8 48. Bc4+ Kf6 49. Ke3 Be6 50. Bxe6 Kxe6 51. Bf8 g6 52. f4 Nc7 53. fxe5 Kxe5 54. Ba3 Kd5 0-1

[Event "CAN-ch w"]
[Site "Toronto CAN"]
[Date "2004.04.11"]
[Round "6"]
[White "Belc, Daniela"]
[Black "Khaziyeva, Dinara"]
[Result "0-1"]
[WhiteElo "2065"]
[BlackElo "2110"]
[PlyCount "132"]
[GameId "2160767911166793"]
[EventDate "2004.04.09"]
[EventType "swiss"]
[EventRounds "6"]
[EventCountry "CAN"]
[SourceTitle "CBM 099 Extra"]
[Source "ChessBase"]
[SourceDate "2004.05.04"]
[SourceVersion "1"]
[SourceVersionDate "2004.05.04"]
[SourceQuality "1"]

1. d4 d6 2. Nf3 c6 3. c4 Nd7 4. e4 e5 5. Nc3 Ngf6 6. Be2 Be7 7. O-O O-O 8. Re1 Qc7 9. h3 Re8 10. Bf1 Nf8 11. Be3 Ng6 12. Qd2 Bd7 13. Rad1 b6 14. b4 Rad8 15. b5 Bc8 16. Qb2 Bb7 17. bxc6 Bxc6 18. Nd5 Bxd5 19. cxd5 Nxe4 20. dxe5 dxe5 21. Bxb6 Qxb6 22. Qxb6 axb6 23. Rxe4 Bc5 24. Bc4 Rd6 25. Re2 h6 26. Rde1 f6 27. g3 Kf8 28. h4 Ne7 29. Rd1 Red8 30. Red2 Nf5 31. g4 Ne7 32. h5 Bb4 33. Rb2 Ba5 34. Rb5 g5 35. Nd2 Bxd2 36. Rxd2 Rc8 37. Bb3 Rc7 38. Kg2 Rc3 39. Bc2 Ke8 40. a4 Rc5 41. Rxc5 bxc5 42. Bb3 Nc6 43. Bc4 Na5 44. Bb5+ Kd8 45. Kf3 Nb3 46. Rd1 Nd4+ 47. Ke4 Kc7 48. Bc4 Rb6 49. Rc1 Rb4 50. a5 Nb3 51. Rc2 Nxa5 52. Kd3 Nxc4 53. Rxc4 Kd6 54. Rc1 Kxd5 55. f3 c4+ 56. Ke2 Rb2+ 57. Ke3 Rb3+ 58. Ke2 Kd4 59. Rd1+ Rd3 60. Ra1 Re3+ 61. Kf2 c3 62. Ra6 c2 63. Rd6+ Kc5 64. Kxe3 Kxd6 65. Kd2 Kd5 66. Kxc2 e4 0-1

[Event "CAN-ch w"]
[Site "Toronto CAN"]
[Date "2004.04.11"]
[Round "6"]
[White "Smith, Hazel"]
[Black "Khoudgarian, Natalia"]
[Result "1/2-1/2"]
[WhiteElo "2051"]
[BlackElo "2100"]
[PlyCount "121"]
[GameId "2160767911166795"]
[EventDate "2004.04.09"]
[EventType "swiss"]
[EventRounds "6"]
[EventCountry "CAN"]
[SourceTitle "CBM 099 Extra"]
[Source "ChessBase"]
[SourceDate "2004.05.04"]
[SourceVersion "1"]
[SourceVersionDate "2004.05.04"]
[SourceQuality "1"]

1. e4 e6 2. d4 d5 3. Nd2 Nf6 4. e5 Nfd7 5. Bd3 c5 6. c3 Nc6 7. Ne2 cxd4 8. cxd4 f6 9. exf6 Nxf6 10. O-O Bd6 11. Nf3 O-O 12. Re1 Qc7 13. h3 Bd7 14. Bd2 Rae8 15. Rc1 Kh8 16. Bc3 Qb8 17. Qd2 Re7 18. Bb1 Be8 19. Qe3 e5 20. dxe5 Nxe5 21. Nxe5 Bxe5 22. Qg5 Bxc3 23. Nxc3 Rxe1+ 24. Rxe1 Qd6 25. Qh4 Bc6 26. Qd4 b6 27. Nd1 Qc5 28. Qd2 d4 29. b3 Re8 30. Rxe8+ Bxe8 31. Nb2 Qc3 32. Qxc3 dxc3 33. Nd3 Bg6 34. Bc2 Nd5 35. a3 Nf4 36. Nxf4 Bxc2 37. Nd5 Bxb3 38. Nxc3 Bc4 39. g3 Kg8 40. Kg2 Kf7 41. Kf3 Ke6 42. Ke4 Bf1 43. h4 b5 44. g4 a5 45. f4 b4 46. axb4 axb4 47. f5+ Kd6 48. Na4 Bg2+ 49. Kf4 Bc6 50. Nb2 Kd5 51. g5 Be8 52. f6 gxf6 53. gxf6 b3 54. Kg5 Ke6 55. Nd3 h6+ 56. Kxh6 Kxf6 57. h5 Bc6 58. Nb2 Bf3 59. Nc4 Bd1 60. Nb2 Bc2 61. Nc4 1/2-1/2

[Event "CAN-op"]
[Site "Kapuskasing CAN"]
[Date "2004.07.10"]
[Round "1"]
[White "Angers, Gilles"]
[Black "Johnston, Robert J"]
[Result "1/2-1/2"]
[WhiteElo "2028"]
[BlackElo "1905"]
[PlyCount "48"]
[GameId "2160767911095205"]
[EventDate "2004.07.10"]
[EventType "swiss"]
[EventRounds "10"]
[EventCountry "CAN"]
[SourceTitle "EXT 2022"]
[Source "ChessBase"]
[SourceDate "2021.10.06"]
[SourceVersion "1"]
[SourceVersionDate "2021.10.06"]
[SourceQuality "1"]

1. e4 e6 2. d4 c5 3. d5 d6 4. Nc3 a6 5. a4 g6 6. Nf3 e5 7. Be2 Nd7 8. Nd2 Nh6 9. Nc4 Nb6 10. Ne3 Bg7 11. h4 f5 12. a5 f4 13. axb6 fxe3 14. Bxe3 Qxb6 15. h5 Bd7 16. Qd2 Nf7 17. hxg6 hxg6 18. Rxh8+ Bxh8 19. b4 Qxb4 20. Rb1 Qa3 21. Rxb7 Bf6 22. Rb3 Qa1+ 23. Rb1 Qa3 24. Rb3 Qa1+ 1/2-1/2

[Event "CAN-op"]
[Site "Kapuskasing CAN"]
[Date "2004.07.10"]
[Round "1"]
[White "Barber, Glen"]
[Black "Smith, Andrew M"]
[Result "1-0"]
[WhiteElo "2003"]
[BlackElo "1891"]
[PlyCount "75"]
[GameId "2160767911095206"]
[EventDate "2004.07.10"]
[EventType "swiss"]
[EventRounds "10"]
[EventCountry "CAN"]
[SourceTitle "EXT 2022"]
[Source "ChessBase"]
[SourceDate "2021.10.06"]
[SourceVersion "1"]
[SourceVersionDate "2021.10.06"]
[SourceQuality "1"]

1. e4 c6 2. d4 d5 3. exd5 cxd5 4. c4 Nf6 5. Nc3 g6 6. Bg5 Be6 7. Bxf6 exf6 8. c5 Nc6 9. Nf3 Be7 10. Qa4 Bg4 11. Be2 Kf8 12. h3 Bf5 13. b4 a6 14. Qb3 Be4 15. Rd1 Kg7 16. O-O Re8 17. Rfe1 Bf8 18. Nh2 h5 19. Nf1 b6 20. Ng3 h4 21. Ngxe4 dxe4 22. Bc4 Nxd4 23. Qb2 bxc5 24. Nxe4 Rxe4 25. Rxe4 Nf3+ 26. gxf3 Qxd1+ 27. Kg2 cxb4 28. Rd4 Qa4 29. Qd2 Re8 30. Rxh4 g5 31. Rd4 Re7 32. h4 Qa5 33. hxg5 fxg5 34. Rd5 Qc7 35. Rxg5+ Kh8 36. Qd4+ f6 37. Qxf6+ Bg7 38. Rh5# 1-0

[Event "CAN-op"]
[Site "Kapuskasing CAN"]
[Date "2004.07.10"]
[Round "1"]
[White "Belorusov, Mikhail"]
[Black "Nataf, Igor A"]
[Result "0-1"]
[WhiteElo "2328"]
[BlackElo "2553"]
[PlyCount "90"]
[GameId "2160767911095207"]
[EventDate "2004.07.10"]
[EventType "swiss"]
[EventRounds "10"]
[EventCountry "CAN"]
[SourceTitle "CBM 101 Extra"]
[Source "ChessBase"]
[SourceDate "2004.09.01"]
[SourceVersion "2"]
[SourceVersionDate "2004.09.01"]
[SourceQuality "1"]

1. e4 c5 2. c3 d5 3. exd5 Qxd5 4. d4 g6 5. Nf3 Bg7 6. Be2 Nf6 7. O-O O-O 8. dxc5 Qxc5 9. Na3 Nc6 10. Qb3 e5 11. Be3 Qe7 12. Rfd1 Be6 13. Qb5 Qc7 14. h3 Rfc8 15. Ng5 Bf5 16. Bc4 Rf8 17. Bc5 a6 18. Qb3 b5 19. Bxb5 axb5 20. Nxb5 Qb7 21. Bxf8 Bxf8 22. Nd4 Qxb3 23. Nxb3 e4 24. g4 Bc8 25. Re1 Ne5 26. Nd4 Bb7 27. f3 Nxf3+ 28. Ngxf3 exf3 29. Kf2 Bc5 30. Re5 Bb6 31. Rb5 Ra6 32. a4 Ne4+ 33. Ke3 Nd6 34. Rxb6 Rxb6 35. b4 Nc4+ 36. Kf2 Ra6 37. b5 Ra5 38. Nb3 Ra8 39. Nc5 Bd5 40. Rd1 Be6 41. Kxf3 Nb6 42. Rd4 Bc4 43. Rd6 Nxa4 44. b6 Nxc5 45. Rc6 Bd5+ 0-1

[Event "CAN-op"]
[Site "Kapuskasing CAN"]
[Date "2004.07.10"]
[Round "1"]
[White "Bluvshtein, Ilia"]
[Black "Zatonskih, Anna"]
[Result "0-1"]
[WhiteElo "2173"]
[BlackElo "2412"]
[PlyCount "58"]
[GameId "2160767911095208"]
[EventDate "2004.07.10"]
[EventType "swiss"]
[EventRounds "10"]
[EventCountry "CAN"]

1. e4 d5 2. exd5 Qxd5 3. Nc3 Qd6 4. d4 c6 5. Nf3 Nf6 6. g3 Bg4 7. Bg2 e6 8. Bf4 Qb4 9. Qd3 Bf5 10. Qd2 Nbd7 11. O-O Be7 12. a3 Qb6 13. Na4 Qa6 14. b3 O-O 15. c4 b5 16. Nc3 bxc4 17. bxc4 Qxc4 18. Nh4 Bg6 19. Nxg6 hxg6 20. Rfc1 Qa6 21. Ne4 Nxe4 22. Bxe4 Rac8 23. Rc2 Nb6 24. Bd3 Qa4 25. Be5 Rfd8 26. Qe2 Bf6 27. Ba6 Bxe5 28. Bxc8 Bxd4 29. Bxe6 Bxa1 0-1

[Event "CAN-op"]
[Site "Kapuskasing CAN"]
[Date "2004.07.10"]
[Round "1"]
[White "Bluvshtein, Mark"]
[Black "Wang, David"]
[Result "1-0"]
[WhiteElo "2462"]
[BlackElo "2110"]
[PlyCount "119"]
[GameId "2160767911095209"]
[EventDate "2004.07.10"]
[EventType "swiss"]
[EventRounds "10"]
[EventCountry "CAN"]
[SourceTitle "CBM 101 Extra"]
[Source "ChessBase"]
[SourceDate "2004.09.01"]
[SourceVersion "2"]
[SourceVersionDate "2004.09.01"]
[SourceQuality "1"]

1. e4 e5 2. Nf3 Nc6 3. Bb5 a6 4. Ba4 Nf6 5. O-O Nxe4 6. d4 b5 7. Bb3 d5 8. dxe5 Be6 9. c3 Bc5 10. Nbd2 O-O 11. Bc2 Nxf2 12. Rxf2 f6 13. Nf1 Bxf2+ 14. Kxf2 fxe5 15. Kg1 Bg4 16. Bb3 Ne7 17. Bg5 c6 18. Qe1 Bxf3 19. Qxe5 Qb6+ 20. Be3 Qb7 21. gxf3 Nf5 22. Bf2 Rae8 23. Qf4 Re6 24. Qd2 Qf7 25. f4 Qh5 26. Re1 Rg6+ 27. Bg3 Nxg3 28. Nxg3 Qg4 29. Bc2 Re6 30. f5 Rxe1+ 31. Qxe1 Qg5 32. Kg2 h5 33. Qe6+ Kh8 34. Qe2 h4 35. Qh5+ Qxh5 36. Nxh5 Re8 37. Kf2 b4 38. Nf4 bxc3 39. bxc3 Rb8 40. Bb3 a5 41. Kf3 Kh7 42. Kg4 Kh6 43. Kxh4 d4 44. c4 Re8 45. Ne6 d3 46. Kg4 g6 47. c5 a4 48. Bxa4 gxf5+ 49. Kxf5 d2 50. Bc2 Re7 51. Ke5 Rd7 52. Bd1 Rb7 53. Nd4 Kg5 54. Nf3+ Kh6 55. Nd4 Kg5 56. Ne2 Rb4 57. Nc3 Kh4 58. Bb3 Rg4 59. Kd6 Rg6+ 60. Kc7 1-0

[Event "CAN-op"]
[Site "Kapuskasing CAN"]
[Date "2004.07.10"]
[Round "1"]
[White "Costa, Joao Guerra"]
[Black "Kudrin, Sergey"]
[Result "1/2-1/2"]
[WhiteElo "2209"]
[BlackElo "2541"]
[PlyCount "59"]
[GameId "2160767911095210"]
[EventDate "2004.07.10"]
[EventType "swiss"]
[EventRounds "10"]
[EventCountry "CAN"]
[SourceTitle "CBM 101 Extra"]
[Source "ChessBase"]
[SourceDate "2004.09.01"]
[SourceVersion "2"]
[SourceVersionDate "2004.09.01"]
[SourceQuality "1"]

1. e4 c5 2. Nf3 g6 3. d4 cxd4 4. Nxd4 Bg7 5. Nc3 Nc6 6. Nb3 Nf6 7. Bc4 O-O 8. O-O d6 9. Re1 a6 10. Bf1 b6 11. Nd5 Bb7 12. c3 Ne5 13. Bg5 Ned7 14. a4 h6 15. Bh4 e6 16. Nxf6+ Nxf6 17. f3 Qc7 18. Qd2 Kh7 19. a5 d5 20. Bf2 bxa5 21. exd5 Bxd5 22. c4 Bc6 23. Qxa5 Qb8 24. Nd4 Bb7 25. Rad1 Re8 26. Bg3 Qa7 27. Bf2 Qb8 28. Bg3 Qa7 29. Bf2 Qb8 30. Bg3 1/2-1/2

[Event "CAN-op"]
[Site "Kapuskasing CAN"]
[Date "2004.07.10"]
[Round "1"]
[White "Doubleday, William"]
[Black "Thorvardson, Barry"]
[Result "1-0"]
[WhiteElo "2086"]
[BlackElo "1945"]
[PlyCount "93"]
[GameId "2160767911095211"]
[EventDate "2004.07.10"]
[EventType "swiss"]
[EventRounds "10"]
[EventCountry "CAN"]
[SourceTitle "EXT 2022"]
[Source "ChessBase"]
[SourceDate "2021.10.06"]
[SourceVersion "1"]
[SourceVersionDate "2021.10.06"]
[SourceQuality "1"]

1. e4 c5 2. Nc3 e6 3. Nf3 a6 4. d4 cxd4 5. Nxd4 Bc5 6. Be3 Qb6 7. Na4 Qa5+ 8. c3 Ba7 9. b4 Qe5 10. Bd3 b5 11. Nc5 Bxc5 12. bxc5 Bb7 13. Ne2 Nf6 14. f3 Nc6 15. O-O Qc7 16. a4 b4 17. cxb4 Nxb4 18. Rb1 a5 19. Nc3 Nxd3 20. Nb5 Qc6 21. Nd6+ Ke7 22. Rb6 Qxb6 23. cxb6 Kxd6 24. Qxd3+ Ke7 25. Bc5+ Kd8 26. Qd6 Ne8 27. Qe7+ Kc8 28. Qxf7 Bc6 29. Bf8 Kb7 30. Bxg7 Nxg7 31. Qxg7 Bxa4 32. Qe5 Rhc8 33. Ra1 Bb3 34. Rxa5 Rc1+ 35. Kf2 Rc2+ 36. Ke3 Rxa5 37. Qxa5 Ra2 38. Qc3 Rc2 39. Qxb3 Rc6 40. Qb5 d6 41. h4 e5 42. g4 Rxb6 43. Qd7+ Ka6 44. Qxh7 Rb3+ 45. Kf2 Kb6 46. Qg6 Rb2+ 47. Kg3 1-0

[Event "CAN-op"]
[Site "Kapuskasing CAN"]
[Date "2004.07.10"]
[Round "1"]
[White "Fridman, Daniel"]
[Black "Krnan, Tomas"]
[Result "1-0"]
[WhiteElo "2594"]
[BlackElo "2331"]
[PlyCount "93"]
[GameId "2160767911095212"]
[EventDate "2004.07.10"]
[EventType "swiss"]
[EventRounds "10"]
[EventCountry "CAN"]
[SourceTitle "CBM 101 Extra"]
[Source "ChessBase"]
[SourceDate "2004.09.01"]
[SourceVersion "2"]
[SourceVersionDate "2004.09.01"]
[SourceQuality "1"]

1. Nf3 Nf6 2. c4 g6 3. g3 Bg7 4. Bg2 O-O 5. d4 d6 6. Nc3 Nbd7 7. O-O e5 8. e4 exd4 9. Nxd4 Re8 10. Re1 Nc5 11. h3 a5 12. Ndb5 Bd7 13. Bf4 Bxb5 14. cxb5 Nfd7 15. Qc2 Nb6 16. Rad1 Ne6 17. Be3 Nc4 18. Bc1 Nd4 19. Qd3 Ne5 20. Qxd4 Nf3+ 21. Bxf3 Bxd4 22. Rxd4 Qf6 23. Rd3 c6 24. Red1 h6 25. Kg2 Rad8 26. bxc6 bxc6 27. Bf4 d5 28. exd5 cxd5 29. Nxd5 Qxb2 30. R3d2 Qh8 31. Bc7 Rc8 32. Bb6 Rc4 33. Rd4 Rc2 34. Rf4 Qb2 35. Bd4 Qxa2 36. Nf6+ Kf8 37. Nxe8 Kxe8 38. Re4+ Kf8 39. Rde1 Rc8 40. Ra1 Qd2 41. Be3 Qd8 42. Bxh6+ Kg8 43. Re5 Qd4 44. Raxa5 Qb6 45. Be3 Qd6 46. Red5 Qb8 47. Rd7 1-0

[Event "CAN-op"]
[Site "Kapuskasing CAN"]
[Date "2004.07.10"]
[Round "1"]
[White "Gokhale, Chandrashekhar"]
[Black "Peng, David Yu"]
[Result "1-0"]
[WhiteElo "2407"]
[BlackElo "2038"]
[PlyCount "59"]
[GameId "2160767911095213"]
[EventDate "2004.07.10"]
[EventType "swiss"]
[EventRounds "10"]
[EventCountry "CAN"]
[SourceTitle "CBM 101 Extra"]
[Source "ChessBase"]
[SourceDate "2004.09.01"]
[SourceVersion "2"]
[SourceVersionDate "2004.09.01"]
[SourceQuality "1"]

1. d4 d5 2. c4 e6 3. Nc3 Nf6 4. Bg5 Be7 5. e3 O-O 6. Qc2 b6 7. cxd5 exd5 8. Bd3 h6 9. Bf4 a6 10. Nf3 Be6 11. O-O Nbd7 12. Qe2 b5 13. Rac1 c5 14. dxc5 Nxc5 15. a3 Rc8 16. Nd4 Bd6 17. Bb1 Re8 18. Bxd6 Qxd6 19. h3 Nce4 20. Na2 Qd7 21. Nb4 Bxh3 22. gxh3 Qxh3 23. Qf3 Qh4 24. Rxc8 Rxc8 25. Qg2 Ng5 26. Bf5 Rc4 27. f4 Nge4 28. Bxe4 Nxe4 29. Nf5 Qf6 30. Nxd5 1-0

[Event "CAN-op"]
[Site "Kapuskasing CAN"]
[Date "2004.07.10"]
[Round "1"]
[White "Henry, Liam"]
[Black "Hajiyev, Elshad"]
[Result "1/2-1/2"]
[WhiteElo "2062"]
[BlackElo "1978"]
[PlyCount "98"]
[GameId "2160767911095214"]
[EventDate "2004.07.10"]
[EventType "swiss"]
[EventRounds "10"]
[EventCountry "CAN"]
[SourceTitle "EXT 2022"]
[Source "ChessBase"]
[SourceDate "2021.10.06"]
[SourceVersion "1"]
[SourceVersionDate "2021.10.06"]
[SourceQuality "1"]

1. e4 c5 2. Nf3 Nc6 3. d4 cxd4 4. Nxd4 Nf6 5. Nc3 e5 6. Ndb5 d6 7. Bg5 a6 8. Na3 b5 9. Bxf6 gxf6 10. Nd5 f5 11. Bd3 Be6 12. O-O Bg7 13. c3 O-O 14. Nc2 Rc8 15. Nce3 fxe4 16. Bxe4 f5 17. Bc2 Qh4 18. f4 e4 19. a4 b4 20. Nxb4 Nxb4 21. cxb4 Rf6 22. Bb3 Bxb3 23. Qxb3+ Kh8 24. Rac1 Rxc1 25. Rxc1 Qxf4 26. Rc8+ Rf8 27. Rxf8+ Bxf8 28. Qc3+ Kg8 29. Nd5 Qh4 30. Qg3+ Qxg3 31. hxg3 Kf7 32. b5 axb5 33. axb5 Bg7 34. b6 Bxb2 35. b7 Bd4+ 36. Kf1 Ba7 37. Nb4 Bb8 38. Nc6 Bc7 39. b8=Q Bxb8 40. Nxb8 Kg6 41. Nc6 Kg5 42. Nd4 h5 43. Kf2 Kg4 44. Ne2 h4 45. gxh4 Kxh4 46. Ke3 Kg4 47. Kd4 Kg5 48. Kd5 Kg4 49. Kd4 Kg5 1/2-1/2

[Event "CAN-op"]
[Site "Kapuskasing CAN"]
[Date "2004.07.10"]
[Round "1"]
[White "Kret, Ted"]
[Black "Arencibia Rodriguez, Walter"]
[Result "1/2-1/2"]
[WhiteElo "2142"]
[BlackElo "2531"]
[PlyCount "84"]
[GameId "2160767911095215"]
[EventDate "2004.07.10"]
[EventType "swiss"]
[EventRounds "10"]
[EventCountry "CAN"]
[SourceTitle "CBM 101 Extra"]
[Source "ChessBase"]
[SourceDate "2004.09.01"]
[SourceVersion "2"]
[SourceVersionDate "2004.09.01"]
[SourceQuality "1"]

1. d4 Nf6 2. c4 e6 3. Nc3 Bb4 4. e3 c5 5. Bd3 O-O 6. Nf3 d5 7. O-O dxc4 8. Bxc4 Nbd7 9. a3 cxd4 10. exd4 Bxc3 11. bxc3 Qc7 12. Bd3 Qxc3 13. Bf4 Nb6 14. Bd6 Re8 15. Rc1 Qa5 16. Bb4 Qd5 17. Re1 Qd8 18. Ba5 Bd7 19. Ne5 Ba4 20. Qf3 Bc6 21. Nxc6 bxc6 22. Rxc6 Qxd4 23. Rd1 Qa4 24. Bxb6 axb6 25. Rxb6 Qxa3 26. Rdb1 Qc5 27. g3 Rad8 28. R6b5 Qd4 29. Bf1 Ne4 30. Rb7 f5 31. R1b4 Nd2 32. Qa3 Qe5 33. Bb5 Rd5 34. Qb2 Red8 35. Qxe5 Rxe5 36. Bc4 h5 37. Re7 Kh8 38. Rbb7 Nxc4 39. Rxg7 Nd6 40. Rh7+ Kg8 41. Rbg7+ Kf8 42. Ra7 Kg8 1/2-1/2